000 00798nam a2200217Ia 4500
003 GCL
005 20240530095600.0
008 140319s9999 xx 000 0 ara d
020 _a2973200977
040 _aGCL /
_cGCL
082 0 4 _a932
_bق/م م
100 1 _aمراد محمد الدش
245 1 0 _aمن هم بنى ادم ؟؟اوزوريس وست ام هابيل وقابيل :
_bمن هم أبناء نوح الاربعة /
_cمراد محمد الدش
260 _aالقاهرة :
_bمكتبة النهضة المصرية ،
_c2001
300 _a121 ص ؛
_c24 سم
650 0 4 _aالحضارة الفرعونية
650 0 4 _aالحضارة المصرية القديمة
650 0 4 _aمصر القديمة - تاريخ
650 0 4 _aمصر - ديانات
942 _2ddc
_cBK
999 _c8571
_d8571